Trouvez les pays en L - Statistiques

Statistiques générales
  • Ce quiz a été pris 225 fois
  • Le résultat moyen est 7 sur 9
Statistiques - réponses
Numéros Réponses % Correct
N°8 Lituanie
96%
N°3 Lettonie
95%
N°1 Laos
76%
N°4 Liban
74%
N°6 Libye
70%
N°9 Luxembourg
68%
N°7 Liechtenstein
65%
N°2 Lesotho
61%
N°5 Libéria
57%
Aucun quiz correspondant
Distribution des résultats
% des personnes avec chaque résultat
Percentile par nombre de réponses
Votre historique - résultats
Vous n’avez pas pris ce quiz